Roteiro das bibliotecas públicas do distrito de Setúbal (Registo nº 197923)

Detalhes MARC
000 -Etiqueta do registo
Valores 00667nam 22001933 4500
010 ## - Número ISBN
ISBN 972-97580-0-X
021 ## - Número do Depósito Legal
Código do país Portugal
Número 118797/97
100 ## - Dados gerais de processamento
Dados gerais 20250917d u||y0pory50 ba
200 ## - Titulo e menção de responsabilidade
Título próprio Roteiro das bibliotecas públicas do distrito de Setúbal
Primeira menção de responsabilidade Associação de Municípios do Distrito de Setúbal
210 ## - Publicação
Local de publicação Setúbal
Nome do editor Associação de Municípios do distrito de Setúbal
Data de publicação D. L.1997
215 ## - Descrição física 
Paginação / Volumes 115 p.
Outras indicações físicas il. ; brochado
Dimensões 30 cm
606 ## - Nome comum usado como assunto
ID Autoridade 10441
Palavra de ordem Bibliotecas Gerais
675 ## - CDU
Notação 027
Edição PT
Língua por
710 ## - Autor principal (colectividade)
ID Autoridade 13740
Nome da entidade Associação de Municípios do Distrito de Setúbal
801 ## - Fonte de origem
País PT
Agência BMMN
Regras de catalogação RPC
830 ## - Notas gerais do catalogador
Criado por Vanda
990 ## - Elementos KOHA
Tipo de documento Livro
Exemplares
Situação do levantamento Biblioteca de origem Código de barras Cota Permissão de empréstimo Tipo de documento Forma de aquisição
  Biblioteca Municipal de Montemor-o-Novo 26102 027 ROT|DEP   Livro Oferta

Powered by Koha